चिकन सूप फॉर द सोल : (Record no. 58555)
[ view plain ]
| 000 -LEADER | |
|---|---|
| fixed length control field | 01606nam a22002657a 4500 |
| 005 - DATE AND TIME OF LATEST TRANSACTION | |
| control field | 20111102142633.0 |
| 008 - FIXED-LENGTH DATA ELEMENTS--GENERAL INFORMATION | |
| fixed length control field | 111102t xxu||||| |||| 00| 0 mar d |
| 010 ## - LCCN (DPL NO) | |
| LC control number | MAR-21607 |
| 020 ## - INTERNATIONAL STANDARD BOOK NUMBER | |
| Terms of availability | 280.00 |
| International Standard Book Number | 9788184982886 |
| 035 ## - SYSTEM CONTROL NUMBER | |
| System control number | MR-14265 |
| 037 ## - SOURCE OF ACQUISITION | |
| Source of stock number/acquisition | DBAD / PUB |
| 040 ## - CATALOGING SOURCE | |
| Original cataloging agency | DPL |
| Language of cataloging | MR |
| 082 ## - DEWEY DECIMAL CLASSIFICATION NUMBER | |
| Classification number | 158.1 |
| 100 ## - MAIN ENTRY--PERSONAL NAME | |
| 9 (RLIN) | 35655 |
| Personal name | कॅनफिल्ड,जॅक |
| 245 ## - TITLE STATEMENT | |
| Title | चिकन सूप फॉर द सोल : |
| Statement of responsibility, etc | जॅक कॅनफिल्ड,मार्क व्हिक्टर हॅनसन तथा मर्सिया हिगिन्स व्हाइट ; सुनीति काणे द्वारा अनुवादित |
| Remainder of title | डेली इन्स्पिरेशन्स फॉर विमेन / |
| 246 ## - VARYING FORM OF TITLE | |
| Title proper/short title | Chicken Soup For The Daily Inspirations For Women |
| Remainder of title | by Jack Canfield,Mark Victorand and Marcia Higgins White |
| 260 ## - PUBLICATION, DISTRIBUTION, ETC. (IMPRINT) | |
| Place of publication, distribution, etc | पुणे |
| Name of publisher, distributor, etc | मेहता पब्लिशिंग हाऊस |
| Date of publication, distribution, etc | 2011 |
| 270 ## - ADDRESS | |
| Address | 1941सदाशिव पेठ,माडीवाले कॉलनी, |
| City | पुणे |
| Postal code | 411030 |
| 300 ## - PHYSICAL DESCRIPTION | |
| Extent | 322पृ. |
| Dimensions | 22सेमी(अजिल्द) |
| 700 ## - ADDED ENTRY--PERSONAL NAME | |
| Personal name | हॅनसन,मार्क व्हिक्टर |
| 9 (RLIN) | 35929 |
| 700 ## - ADDED ENTRY--PERSONAL NAME | |
| Personal name | हिगिन्स व्हाइट,मर्सिया |
| 9 (RLIN) | 35935 |
| 700 ## - ADDED ENTRY--PERSONAL NAME | |
| Personal name | काणे,सुनीति |
| 9 (RLIN) | 35936 |
| 942 ## - ADDED ENTRY ELEMENTS (KOHA) | |
| Source of classification or shelving scheme | Dewey Decimal Classification |
| Item type | Marathi Books |
| Call number suffix | कॅनफि |
| Classification part | 158.1 |
| Withdrawn status | Lost status | Source of classification or shelving scheme | Damaged status | Not for loan | Collection code | Home library | Current library | Date acquired | Source of acquisition | Cost, normal purchase price | Total Checkouts | Full call number | Barcode | Date last seen | Copy number | Cost, replacement price | Koha item type |
|---|---|---|---|---|---|---|---|---|---|---|---|---|---|---|---|---|---|
| Dewey Decimal Classification | Not For Loan | Non-fiction | D.B.Act.Division | D.B.Act.Division | 21/11/2011 | DBAD/PUB | 280.00 | 158.1 कॅनफि | MR-14265 | 21/11/2011 | 1 | 280.00 | Marathi Books |
